[Event "Titled Tue 20th May Early"]
[Site "chess.com INT"]
[Date "2025.05.20"]
[Round "11"]
[White "Zaw, Ye Htut"]
[Black "Maiorov, Nikita1"]
[Result "1-0"]
[WhiteTitle "CM"]
[BlackTitle "GM"]
[WhiteElo "2180"]
[BlackElo "2472"]
[WhiteFideId "13013955"]
[BlackFideId "13501720"]
[EventDate "2025.05.20"]

1. e4 e6 2. d4 d5 3. Nd2 c5 4. exd5 Qxd5 5. Ngf3 cxd4 6. Bc4 Qd6 7. O-O Nc6 8.
Nb3 e5 9. Re1 Be7 10. Bb5 Be6 11. Nxe5 Bxb3 12. axb3 Nf6 13. Bf4 Qc5 14. Bxc6+
bxc6 15. b4 Qd5 16. Ra5 c5 17. c4 Qb7 18. Rb5 Qa6 19. bxc5 O-O 20. c6 Rac8 21.
Qf3 Bd6 22. h3 Bxe5 23. Bxe5 Qxc6 24. Qxc6 Rxc6 25. b3 d3 26. Rd1 Rd8 27. Rxd3
Re8 28. Bxf6 gxf6 29. Rb7 Re1+ 30. Kh2 Rb1 31. Rdd7 Rb6 32. Rxf7 R1xb3 33. Rxa7
Rb2 34. Rxh7 Rxf2 35. Rhb7 Rxb7 36. Rxb7 Rc2 37. Rc7 f5 38. Kg3 Rc1 39. Kf3 Rf1+
40. Ke3 Rg1 41. Kf3 Rf1+ 42. Kg3 f4+ 43. Kg4 Rf2 44. c5 Rxg2+ 45. Kxf4 Rh2 46.
Kg4 Rg2+ 47. Kh4 Rc2 48. c6 Rc4+ 49. Kh5 Rc3 50. h4 Rc5+ 51. Kg6 Kf8 52. h5 Rc1
53. Rf7+ Kg8 54. Rd7 Kf8 55. c7 Rg1+ 56. Kh6 Rc1 57. Rd8+ Kf7 58. c8=Q Rc6+ 59.
Kg5 Rc5+ 60. Qxc5 1-0

[Event "Titled Tue 20th May Early"]
[Site "chess.com INT"]
[Date "2025.05.20"]
[Round "11"]
[White "Mohammed, Dilshad"]
[Black "Rose, Felix"]
[Result "1-0"]
[BlackTitle "CM"]
[WhiteElo "2079"]
[BlackElo "2093"]
[WhiteFideId "5050421"]
[BlackFideId "5105722"]
[EventDate "2025.05.20"]

1. d4 d5 2. e4 dxe4 3. Nc3 Nf6 4. Bg5 Bf5 5. Nge2 Nbd7 6. Ng3 Bg6 7. Bb5 c6 8.
Bc4 h6 9. Bh4 Qb6 10. Rb1 e6 11. O-O Be7 12. Re1 Rd8 13. Ngxe4 Nxe4 14. Bxe7
Kxe7 15. Nxe4 Bxe4 16. Rxe4 Nf6 17. Rf4 g5 18. Rxf6 Kxf6 19. c3 Qa5 20. Bd3 Qd5
21. Qe2 Kg7 22. Bc4 Qf5 23. Re1 Rhe8 24. Bd3 Qf4 25. g3 Qf6 26. Rf1 e5 27. dxe5
Rxe5 28. Qc2 Red5 29. Be4 Rd2 30. Qb3 Qe7 31. Bf3 f5 32. Qa4 g4 33. Bg2 a6 34.
Qa5 R2d6 35. Qxf5 Rg6 36. Be4 Rg5 37. Qh7+ Kf6 38. Qxh6+ Ke5 39. Re1 Qf6 40.
Bg2+ Kf5 41. Be4+ Ke5 42. Bc2+ Kd5 43. Qxf6 Kc5 44. Qxg5+ Kb6 45. Qxd8+ Ka7 46.
Re4 c5 47. Rxg4 c4 48. Rg7 a5 49. Qc7 1-0

[Event "Titled Tue 20th May Early"]
[Site "chess.com INT"]
[Date "2025.05.20"]
[Round "11"]
[White "Szpar, Milosz"]
[Black "Mishra, Abhimanyu"]
[Result "0-1"]
[WhiteTitle "IM"]
[BlackTitle "GM"]
[WhiteElo "2475"]
[BlackElo "2605"]
[WhiteFideId "1184989"]
[BlackFideId "30920019"]
[EventDate "2025.05.20"]

1. e4 c5 2. c3 Nf6 3. e5 Nd5 4. Nf3 d6 5. d4 cxd4 6. exd6 e6 7. Nxd4 Bxd6 8. g3
Nc6 9. Bg2 Nxd4 10. Qxd4 O-O 11. O-O Qc7 12. c4 Nf6 13. Nc3 Bd7 14. Nb5 Bxb5 15.
cxb5 Rfd8 16. Qd3 Bc5 17. Qe2 Nd5 18. Bg5 Rd7 19. Rac1 Qb6 20. Rfd1 h6 21. Bd2
Rad8 22. Be1 Qd6 23. Bf3 Qe7 24. h4 Bb4 25. Kg2 Bxe1 26. Qxe1 Qf6 27. Qe2 b6 28.
Be4 g6 29. Bb1 h5 30. Be4 Qe5 31. Bf3 Qf6 32. Be4 Kg7 33. Re1 Ne7 34. Rc2 Rd4
35. Bf3 Nf5 36. Rc7 Rd2 37. Qxe6 Qxe6 38. Rxe6 Rxb2 39. Re2 Rxe2 40. Bxe2 Rd2
41. Bc4 Nd6 42. Bb3 Nxb5 43. Rxf7+ Kh6 44. Bc4 Nd6 45. Rf4 Nxc4 46. Rxc4 Rxa2
47. Rc7 a5 48. Kf3 a4 49. Ke3 b5 50. Rb7 Rb2 51. Ra7 Rb3+ 52. Kd4 a3 53. Kc5 b4
54. Kc4 Rb2 55. f3 a2 56. g4 hxg4 57. fxg4 b3 58. Kd4 Rb1 59. Ke4 a1=Q 60. g5+
Kh5 61. Rh7+ Kg4 0-1

[Event "Titled Tue 20th May Early"]
[Site "chess.com INT"]
[Date "2025.05.20"]
[Round "11"]
[White "Bozorov, Javohir"]
[Black "Yonal, Timur"]
[Result "0-1"]
[WhiteTitle "FM"]
[BlackTitle "FM"]
[WhiteElo "2093"]
[BlackElo "2249"]
[WhiteFideId "14216957"]
[BlackFideId "44115725"]
[EventDate "2025.05.20"]

1. g4 d5 2. Bg2 Bxg4 3. c4 c6 4. Qb3 Nf6 5. cxd5 cxd5 6. Qxb7 Nbd7 7. Nc3 Rb8 8.
Qc6 e6 9. d4 Bb4 10. Nf3 O-O 11. Bd2 Nb6 12. Ne5 Qe7 13. a3 Rfc8 14. axb4 Rxc6
15. Nxc6 Qb7 16. Nxb8 Qxb8 17. b3 h6 18. O-O Bf5 19. Ra5 Ng4 20. f4 Kh7 21. Rfa1
Nc8 22. b5 Qb6 23. e3 g5 24. h3 Nf6 25. fxg5 hxg5 26. Ra6 Qb8 27. e4 Nxe4 28.
Nxe4 dxe4 29. Rc6 Qg3 30. Rc5 Qd3 31. Bc3 Nb6 32. Rxa7 Nd5 33. Ba1 Nf4 34. Rac7
Bxh3 35. Bxh3 Qg3+ 36. Kf1 Qxh3+ 37. Ke1 Qe3+ 38. Kd1 Qxb3+ 39. Kc1 Nd3+ 40. Kd2
Nxc5 41. Rxc5 Qa2+ 42. Ke3 Qxa1 43. Kxe4 Qb1+ 44. Ke3 g4 45. Kf4 f5 46. Ke5 g3
47. Rc3 Qe1+ 48. Kf4 Qxc3 49. b6 g2 50. b7 g1=Q 51. b8=Q Qgg3# 0-1

[Event "Titled Tue 20th May Early"]
[Site "chess.com INT"]
[Date "2025.05.20"]
[Round "11"]
[White "Starosta, Martyna"]
[Black "Shukhman, Anna"]
[Result "0-1"]
[WhiteTitle "WFM"]
[BlackTitle "WGM"]
[WhiteElo "2182"]
[BlackElo "2413"]
[WhiteFideId "21818754"]
[BlackFideId "54180058"]
[EventDate "2025.05.20"]

1. e4 c5 2. Nf3 d6 3. d4 cxd4 4. Nxd4 Nf6 5. Nc3 g6 6. Be3 Nc6 7. f3 h5 8. Qd2
Nxd4 9. Bxd4 Bh6 10. Be3 Bxe3 11. Qxe3 Be6 12. Be2 Qa5 13. O-O Rc8 14. h3 h4 15.
f4 Qc5 16. Qxc5 Rxc5 17. Bf3 O-O 18. Rfe1 b5 19. a3 a5 20. e5 dxe5 21. Rxe5 Rfc8
22. Rc1 b4 23. axb4 axb4 24. Rxc5 Rxc5 25. Ne4 Rc4 26. Nxf6+ exf6 27. b3 Rxf4
28. Rd1 Bxh3 29. Kf2 Bf5 30. Ke3 g5 31. Rd2 Bg6 32. Rd8+ Kg7 33. Rc8 Bf5 34. Rc7
Bg4 35. Bd5 Bh5 36. Rc4 Rf5 37. Bc6 Re5+ 38. Kf2 Re2+ 39. Kf1 Rd2 40. Be4 Bg6
41. Rxb4 Bxe4 42. Rxe4 Rxc2 43. Rb4 Rb2 44. Rb8 g4 45. b4 f5 46. b5 f4 47. b6 h3
48. gxh3 gxh3 49. Kg1 f3 50. b7 h2+ 51. Kh1 f2 52. Kxh2 f1=Q+ 53. Kg3 Qg2+ 54.
Kh4 Rb4+ 55. Kh5 Qg6# 0-1

[Event "Titled Tue 20th May Early"]
[Site "chess.com INT"]
[Date "2025.05.20"]
[Round "11"]
[White "Beniosev, Daniel"]
[Black "Ternault, Mathieu"]
[Result "0-1"]
[WhiteTitle "CM"]
[BlackTitle "FM"]
[WhiteElo "2010"]
[BlackElo "2273"]
[WhiteFideId "11632674"]
[BlackFideId "20641532"]
[EventDate "2025.05.20"]

1. e4 e6 2. d4 d5 3. Nc3 h6 4. Nf3 Nf6 5. e5 Nfd7 6. Ne2 c5 7. c3 Nc6 8. a3 a5
9. g4 a4 10. h4 Qa5 11. Bd2 Qb6 12. Qc1 Na5 13. Qc2 Nb3 14. Rd1 Nxd2 15. Qxd2
Be7 16. Bg2 Qa5 17. h5 b6 18. Nf4 Ba6 19. Bf1 O-O-O 20. Bxa6+ Qxa6 21. Nd3 Kb7
22. Rc1 Nb8 23. O-O Nc6 24. Kh2 g6 25. Rg1 Na5 26. Qe2 Nb3 27. Rcd1 Rc8 28. Nd2
cxd4 29. Nxb3 axb3 30. cxd4 Rc2 31. Rd2 Rhc8 32. Rgd1 gxh5 33. gxh5 Qc4 34. Rxc2
bxc2 35. Rc1 Rc7 36. f4 Qxd4 37. Rxc2 Bc5 38. Nxc5+ Rxc5 39. Rxc5 Qxc5 40. Kg2
Qd4 41. Kf3 Ka7 42. Qc2 Qg1 43. Qc7+ Ka6 44. Qc8+ Kb5 45. Qe8+ Kc5 46. b4+ Kd4
47. Qxf7 Qe3+ 48. Kg4 Qe2+ 49. Kg3 Qe1+ 50. Kg2 Qe2+ 51. Kg3 Ke3 52. Qxe6 Qf3+
53. Kh2 Qf2+ 54. Kh3 Qf3+ 55. Kh2 Kf2 56. Qh3 Qxf4+ 57. Kh1 Qc1+ 58. Kh2 Qg1# 0-1

[Event "Titled Tue 20th May Early"]
[Site "chess.com INT"]
[Date "2025.05.20"]
[Round "11"]
[White "Fishman, Albert"]
[Black "Duarte Cramer, Lily Jeanette"]
[Result "1-0"]
[BlackTitle "WCM"]
[WhiteElo "2149"]
[BlackElo "1828"]
[WhiteFideId "2090597"]
[BlackFideId "29620180"]
[EventDate "2025.05.20"]

1. d4 d5 2. c4 c6 3. Nc3 Nf6 4. Nf3 e6 5. Bf4 Bd6 6. Bxd6 Qxd6 7. e3 Nbd7 8. c5
Qc7 9. b4 e5 10. Be2 e4 11. Nd2 a5 12. a3 axb4 13. axb4 Rxa1 14. Qxa1 b6 15. O-O
bxc5 16. bxc5 O-O 17. Rb1 Nb8 18. Qa8 Be6 19. Rb7 Qc8 20. h3 Nbd7 21. Qxc8 Rxc8
22. Nb3 Nf8 23. Na4 Bd7 24. Nb6 Rd8 25. Na5 Be8 26. Rc7 Ne6 27. Rc8 Rxc8 28.
Nxc8 Kf8 29. g4 Nd8 30. h4 Bd7 31. Na7 Nxg4 32. Bxg4 Bxg4 33. N7xc6 Nxc6 34.
Nxc6 Ke8 35. Kh2 Bd7 36. Nb4 Be6 37. Kg3 Kd7 38. Kf4 f6 39. f3 exf3 40. Kxf3 g5
41. hxg5 fxg5 42. Nd3 h5 43. Kg3 h4+ 44. Kf3 g4+ 45. Kf4 g3 46. Ne1 Bh3 47. Kf3
Bf5 48. Kg2 Bg4 49. Nd3 Bf5 50. Ne5+ Ke6 51. Kf3 Be4+ 52. Ke2 g2 53. Kf2 h3 54.
Kg1 Bf5 55. Nf3 Kd7 56. Ne1 Be6 57. Kh2 Bf5 58. Nf3 Kc7 59. Ne5 Bc8 60. Nf7 1-0

[Event "Titled Tue 20th May Early"]
[Site "chess.com INT"]
[Date "2025.05.20"]
[Round "11"]
[White "Galchenko, Matvey"]
[Black "Srihari, L R"]
[Result "1-0"]
[WhiteTitle "IM"]
[BlackTitle "IM"]
[WhiteElo "2442"]
[BlackElo "2468"]
[WhiteFideId "24175480"]
[BlackFideId "46617116"]
[EventDate "2025.05.20"]

1. f4 d5 2. Nf3 g6 3. g3 Bg7 4. Bg2 c5 5. O-O Nc6 6. d3 Nf6 7. Nc3 d4 8. Na4 Qd6
9. c4 O-O 10. a3 Ng4 11. Rb1 a5 12. Ng5 Bf5 13. Ne4 Bxe4 14. Bxe4 f5 15. Bg2 Kh8
16. Bd2 Ne3 17. Bxe3 dxe3 18. Nb6 Rab8 19. Kh1 e6 20. Na4 Nd4 21. Nc3 e5 22. Nd5
exf4 23. gxf4 Rfe8 24. a4 Bh6 25. Qe1 b6 26. Qh4 Bg7 27. Bf3 Re6 28. Nc3 Rbe8
29. Nb5 Nxb5 30. axb5 Bf6 31. Qg3 Bg7 32. Bd5 R6e7 33. Rf3 Bd4 34. Qh4 a4 35.
Ra1 Ra7 36. Rh3 Qe7 37. Qxe7 Rexe7 38. Ra2 Ra5 39. Rf3 Rea7 40. Rf1 Kg7 41. Kg2
Kf6 42. Kf3 h6 43. h4 g5 44. hxg5+ hxg5 45. fxg5+ Kxg5 46. Rg1+ Kf6 47. Rg8 Rh7
48. Rf8+ Kg5 49. Kg2 Rg7 50. Kg3 Be5+ 51. Kf3 Bd4 52. Ra1 Rg6 53. Rb1 Kh6 54.
Rxf5 Rf6 55. Rxf6+ Bxf6 56. Kxe3 Bd4+ 57. Kf4 Kg6 58. e3 Kf6 59. exd4 cxd4 60.
Ke4 1-0

[Event "Titled Tue 20th May Early"]
[Site "chess.com INT"]
[Date "2025.05.20"]
[Round "11"]
[White "Tahbaz, Arash"]
[Black "Le, Tuan Minh"]
[Result "1-0"]
[WhiteTitle "IM"]
[BlackTitle "GM"]
[WhiteElo "2462"]
[BlackElo "2598"]
[WhiteFideId "12528846"]
[BlackFideId "12401153"]
[EventDate "2025.05.20"]

1. Nf3 d5 2. g3 g6 3. Bg2 Bg7 4. O-O Nf6 5. d3 O-O 6. Nbd2 Nc6 7. e4 dxe4 8.
dxe4 e5 9. c3 h6 10. Qc2 a5 11. Nc4 Qe7 12. a4 b6 13. b3 Rd8 14. Ba3 Qe8 15.
Rfd1 Ba6 16. Ne3 Rxd1+ 17. Rxd1 Rd8 18. Nd5 Nxd5 19. exd5 Ne7 20. c4 Nf5 21. Re1
Nd6 22. Bb2 f6 23. Nd4 Qf7 24. Ne6 Re8 25. f3 Bc8 26. Nxg7 Kxg7 27. Qc3 g5 28.
f4 gxf4 29. gxf4 exf4 30. Rxe8 Nxe8 31. Qd4 Qg6 32. Qe4 Bf5 33. Qe7+ Qf7 34. Qe1
Nd6 35. Qh4 Qg6 36. Qxf4 Be4 37. Qg3 Qxg3 38. hxg3 Bc2 39. c5 bxc5 40. Bc3 Bxb3
41. Bxa5 Ne8 42. d6 Nxd6 43. Bc6 Nf5 44. Bxc7 Nd4 45. Bd7 c4 46. Bb6 Ne2+ 47.
Kf2 Nc3 48. a5 Nd5 49. Bc5 c3 50. a6 c2 51. Ba3 Nb6 52. Bc6 Nc4 53. Bc1 Ne5 54.
a7 Nd3+ 55. Kg2 Nxc1 56. a8=Q Na2 57. Qb7+ Bf7 58. Bd5 1-0

[Event "Titled Tue 20th May Early"]
[Site "chess.com INT"]
[Date "2025.05.20"]
[Round "11"]
[White "Ugarte Soto, Cesar"]
[Black "Viskelis, Darius"]
[Result "1-0"]
[WhiteTitle "CM"]
[BlackTitle "FM"]
[WhiteElo "2088"]
[BlackElo "2165"]
[WhiteFideId "3601331"]
[BlackFideId "12800830"]
[EventDate "2025.05.20"]

1. e4 e5 2. Nf3 Nf6 3. Nxe5 d6 4. Nf3 Nxe4 5. c4 Be7 6. Nc3 Nxc3 7. dxc3 Be6 8.
Bd3 Nc6 9. O-O Ne5 10. Nxe5 dxe5 11. Qe2 Bf6 12. Rd1 Qe7 13. Be3 O-O 14. Be4 c6
15. b3 Rfd8 16. Rd3 Rxd3 17. Qxd3 g6 18. Rd1 Bg7 19. g3 f5 20. Bg2 e4 21. Qd6
Qxd6 22. Rxd6 Kf7 23. Bf1 Bxc3 24. h4 Bb4 25. Rd1 b6 26. Be2 Be7 27. f3 exf3 28.
Bxf3 Rc8 29. Kg2 c5 30. Bf4 Rd8 31. Rxd8 Bxd8 32. Bc6 Kg7 33. Be5+ Kf7 34. Kf3
h6 35. Bf4 g5 36. hxg5 hxg5 37. Bb8 a5 38. Be5 Ke7 39. Ke3 Bd7 40. Bd5 Be6 41.
Bc6 Bd7 42. Bd5 Be8 43. Kf3 Kd7 44. Ke3 Bh5 45. Kf2 Bd1 46. Ke1 Bc2 47. Kd2 Bb1
48. Kc1 Be4 49. Bxe4 fxe4 50. Kd2 Ke6 51. Bb8 Kf5 52. Ke3 Bf6 53. Bc7 Bd4+ 54.
Ke2 Kg4 55. Bxb6 Kxg3 56. Bxa5 Kf4 57. Bc7+ Be5 58. Bb6 Bd6 59. Bd8 g4 60. Bh4
g3 61. a4 Bc7 62. Be7 e3 63. Bxc5 1-0

[Event "Titled Tue 20th May Early"]
[Site "chess.com INT"]
[Date "2025.05.20"]
[Round "11"]
[White "Sharshenbekov, Emir"]
[Black "Rustemov, Alexander"]
[Result "0-1"]
[WhiteTitle "CM"]
[BlackTitle "GM"]
[WhiteElo "2091"]
[BlackElo "2525"]
[WhiteFideId "13810634"]
[BlackFideId "4119002"]
[EventDate "2025.05.20"]

1. e4 e6 2. d4 d5 3. exd5 exd5 4. Bd3 Nc6 5. Be3 Bd6 6. Nc3 Nge7 7. a3 O-O 8.
Nge2 a6 9. Qd2 Be6 10. f3 Bf5 11. g4 Bxd3 12. Qxd3 f5 13. O-O-O Qd7 14. Rdg1
Rae8 15. h4 fxg4 16. fxg4 Rf3 17. Qd2 Nc8 18. Bg5 Nb6 19. Rf1 Qf7 20. Qd1 Rf8
21. Rxf3 Qxf3 22. Rg1 Nc4 23. h5 h6 24. Bd2 Bh2 25. Rh1 Bd6 26. Rg1 Kh7 27. g5
hxg5 28. Rxg5 Rf5 29. Qg1 Qf1+ 30. Nd1 Qxg1 31. Rxg1 Rxh5 32. Ne3 Nxe3 33. Bxe3
Ne7 34. Kd2 g6 35. Nc3 c6 36. Ne2 Nf5 37. Bf4 Be7 38. Be5 Bg5+ 39. Ke1 Kh6 40.
c3 Rh3 41. Rg2 Kh5 42. Kf2 Be3+ 43. Kf1 Rh1+ 44. Ng1 Rxg1+ 45. Rxg1 Bxg1 46.
Kxg1 Ne3 47. Kf2 Nc4 48. b3 Nxa3 49. Bd6 Nb5 50. Bb4 Nc7 51. Ke3 Ne6 52. Bd6 Kg4
53. c4 g5 54. Be5 Kf5 55. Kf3 g4+ 56. Ke3 a5 57. Bd6 b5 58. cxb5 cxb5 59. Be7 a4
60. bxa4 bxa4 61. Bd6 Nd8 62. Bc7 a3 0-1

[Event "Titled Tue 20th May Early"]
[Site "chess.com INT"]
[Date "2025.05.20"]
[Round "11"]
[White "Shuvalov, Evgenij"]
[Black "Setumadhav, Yellumahanthi"]
[Result "1-0"]
[BlackTitle "FM"]
[WhiteElo "1986"]
[BlackElo "2254"]
[WhiteFideId "4187237"]
[BlackFideId "25920669"]
[EventDate "2025.05.20"]

1. d4 Nf6 2. c4 e6 3. Nf3 d5 4. Nc3 Bb4 5. Bg5 h6 6. Bxf6 Qxf6 7. Qb3 c5 8. cxd5
exd5 9. e3 O-O 10. dxc5 Bxc3+ 11. Qxc3 Qxc3+ 12. bxc3 Nd7 13. Rd1 Nf6 14. Nd4
Bd7 15. f3 Rac8 16. Nb3 Ba4 17. Kd2 Rc7 18. Bd3 Rfc8 19. Ra1 Nd7 20. Bf5 Bxb3
21. axb3 Nxc5 22. Rhb1 Ra8 23. b4 Ne6 24. Ra5 g6 25. Bxe6 fxe6 26. Rba1 Rac8 27.
R1a3 a6 28. b5 axb5 29. Rxb5 Kf7 30. Rab3 Rb8 31. Rb6 Kf6 32. Rd6 b5 33. Ra3 b4
34. cxb4 Rxb4 35. Ra2 Rb1 36. Ke2 Rbc1 37. Kf2 R1c2+ 38. Rxc2 Rxc2+ 39. Kg3 Re2
40. e4 Ke5 41. Rd8 d4 42. h4 g5 43. h5 Rd2 44. Rh8 d3 45. Rxh6 Rxg2+ 46. Kxg2 d2
47. Rg6 d1=Q 48. Rxg5+ Kd4 49. Rg6 Ke3 50. Rf6 e5 51. Rf5 Qe2+ 52. Kg3 Qe1+ 53.
Kg4 Qg1+ 54. Kh4 Kf2 55. h6 Qh2+ 56. Kg5 Kg3 57. Kg6 Kg2 58. h7 Kf2 59. Rh5 Qg3+
60. Kf7 Qxf3+ 61. Rf5 1-0

[Event "Titled Tue 20th May Early"]
[Site "chess.com INT"]
[Date "2025.05.20"]
[Round "11"]
[White "Xue, Haowen"]
[Black "Vokhidov, Shamsiddin"]
[Result "1-0"]
[WhiteTitle "GM"]
[BlackTitle "GM"]
[WhiteElo "2518"]
[BlackElo "2641"]
[WhiteFideId "8625492"]
[BlackFideId "14204223"]
[EventDate "2025.05.20"]

1. c4 e5 2. Nc3 Nf6 3. Nf3 Nc6 4. g3 Bb4 5. Nd5 Bc5 6. Bg2 d6 7. O-O O-O 8. a3
e4 9. Ne1 Re8 10. e3 Ne5 11. b4 Nxc4 12. bxc5 Nxd5 13. d3 Na5 14. dxe4 Nf6 15.
cxd6 Nxe4 16. Qa4 Nc5 17. Qxa5 Nb3 18. dxc7 Qe7 19. Qc3 Nxa1 20. Bb2 f6 21. Nf3
Bd7 22. Rxa1 Bc6 23. Nd4 Bxg2 24. Kxg2 Rac8 25. Rc1 Qe4+ 26. Kg1 Re7 27. Nb5 Rd7
28. Qb3+ Kh8 29. Bd4 a6 30. Nc3 Qf3 31. Bb6 Rd6 32. e4 h5 33. Qb4 Rc6 34. Be3 h4
35. gxh4 R6xc7 36. e5 Rc4 37. Qb3 Rg4+ 38. Kf1 b5 39. Qd5 Qh3+ 40. Ke2 Rgc4 41.
exf6 Qg4+ 42. f3 Qg2+ 43. Kd3 Qg6+ 44. Ne4 Rxc1 45. fxg7+ Qxg7 46. Qh5+ Kg8 47.
Qd5+ Qf7 48. Qg5+ Kf8 49. Bxc1 Qc4+ 50. Ke3 Qxc1+ 51. Kd4 Qxg5 52. hxg5 a5 53.
Nd6 Rd8 54. Kc5 Rxd6 55. Kxd6 b4 56. axb4 axb4 57. h4 b3 58. f4 1-0

[Event "Titled Tue 20th May Early"]
[Site "chess.com INT"]
[Date "2025.05.20"]
[Round "11"]
[White "Schnaider, Ilan"]
[Black "Haug, Havard"]
[Result "0-1"]
[WhiteTitle "IM"]
[BlackTitle "FM"]
[WhiteElo "2388"]
[BlackElo "2354"]
[WhiteFideId "169013"]
[BlackFideId "1547887"]
[EventDate "2025.05.20"]

1. e4 g6 2. d4 Bg7 3. Nc3 c6 4. Nf3 d5 5. h3 Nf6 6. Bd3 dxe4 7. Nxe4 Nxe4 8.
Bxe4 Nd7 9. c3 O-O 10. O-O e5 11. dxe5 Nxe5 12. Nxe5 Bxe5 13. Bh6 Re8 14. Qxd8
Rxd8 15. Be3 Be6 16. Rfd1 a6 17. Bb6 Re8 18. Bc2 h5 19. Bb3 Bxb3 20. axb3 Re7
21. Bc5 Rc7 22. g3 Bf6 23. Bb6 Re7 24. Bd8 Re6 25. Bxf6 Rxf6 26. Rd7 Re8 27.
Rxb7 Re2 28. Rf1 Rxb2 29. Rb6 Kg7 30. b4 Ra2 31. c4 a5 32. Ra6 a4 33. b5 cxb5
34. cxb5 Rf5 35. Ra5 a3 36. Kg2 Rc5 37. h4 Rcc2 38. Kg1 Rcb2 39. Kg2 Rb3 40. Kh3
Rab2 41. Ra1 Rxf2 42. R5xa3 Rbb2 43. Rh1 Rxb5 44. Re3 Rbb2 45. g4 hxg4+ 46. Kxg4
f5+ 47. Kh3 Kh6 48. Ra3 Kh5 49. Rg3 Kh6 50. Ra3 Rf4 51. Rg3 Rbb4 52. h5 Kxh5 53.
Kg2+ Rh4 54. Rc1 Rb2+ 55. Kg1 Rg4 56. Rc3 Rxg3+ 57. Rxg3 f4 58. Rh3+ Kg4 59. Rh6
g5 60. Rb6 Rxb6 61. Kg2 Rb2+ 62. Kf1 Kg3 63. Ke1 f3 64. Kd1 Re2 65. Kc1 Kg4 66.
Kd1 Kf4 67. Kc1 g4 68. Kd1 g3 0-1

[Event "Titled Tue 20th May Early"]
[Site "chess.com INT"]
[Date "2025.05.20"]
[Round "11"]
[White "Banh Gia Huy"]
[Black "Dubnevych, Maksym"]
[Result "1-0"]
[WhiteTitle "IM"]
[BlackTitle "FM"]
[WhiteElo "2425"]
[BlackElo "2292"]
[WhiteFideId "12424714"]
[BlackFideId "14184001"]
[EventDate "2025.05.20"]

1. e4 c5 2. Nf3 Nc6 3. d4 cxd4 4. Nxd4 Nf6 5. Nc3 e5 6. Ndb5 d6 7. Bg5 a6 8. Na3
b5 9. Nab1 Be7 10. Bxf6 Bxf6 11. a4 b4 12. Nd5 O-O 13. Bc4 a5 14. O-O Bg5 15. c3
Be6 16. Bb5 Rc8 17. Bxc6 Rxc6 18. cxb4 axb4 19. Nd2 Rc8 20. Nf3 Be7 21. Nxb4 Rc4
22. Qe1 Qb6 23. Nd5 Bxd5 24. exd5 Ra8 25. a5 Qxb2 26. a6 Rc5 27. Qb1 Rb5 28.
Qxb2 Rxb2 29. Rfb1 Rxa6 30. Kf1 Rxa1 31. Rxa1 h6 32. Ra8+ Kh7 33. Ra7 Bf6 34.
Rxf7 e4 35. Ne1 Bc3 36. Re7 Be5 37. g3 Kg6 38. f4 Bd4 39. Re6+ Kf5 40. Rxd6 Rxh2
41. Ng2 Kg4 42. Rg6+ Kh3 43. d6 Bb6 44. d7 Ba5 45. Ne3 Rd2 46. Rxg7 Bb6 47. Nc4
Rf2+ 48. Ke1 Kg2 49. Nxb6 Rf1+ 50. Kd2 Rf2+ 51. Kc3 Kf3 52. d8=Q e3 53. Qd5+ Ke2
54. Nc4 Kf1 55. Qd1+ Kg2 56. Nxe3+ Kh2 57. Ng4+ Kg2 58. Nxf2 Kxf2 59. Re7 h5 60.
Re2+ Kxg3 61. Qg1+ Kxf4 62. Qf2+ Kg4 63. Re4+ Kh3 64. Rh4# 1-0

[Event "Titled Tue 20th May Early"]
[Site "chess.com INT"]
[Date "2025.05.20"]
[Round "11"]
[White "Toncheva, Nadya"]
[Black "Skliarov, Viktor"]
[Result "1-0"]
[WhiteTitle "FM"]
[BlackTitle "IM"]
[WhiteElo "2332"]
[BlackElo "2334"]
[WhiteFideId "2924056"]
[BlackFideId "14106736"]
[EventDate "2025.05.20"]

1. e4 c5 2. Nf3 Nc6 3. c3 Nf6 4. e5 Nd5 5. Bc4 Nb6 6. Bb3 c4 7. Bc2 Qc7 8. O-O
Nxe5 9. Nxe5 Qxe5 10. Re1 Qc7 11. d4 d5 12. Nd2 Bd7 13. a4 e6 14. a5 Nc8 15. Nf3
Bd6 16. Ne5 Bxe5 17. Rxe5 Ne7 18. Bf4 O-O-O 19. Rf5 Nxf5 20. Bxc7 Kxc7 21. b3
cxb3 22. Bxb3 Nd6 23. Qc2 Rc8 24. Ba4 Kd8 25. Bxd7 Kxd7 26. Rb1 Rc6 27. h3 g6
28. Qd2 Rhc8 29. Qh6 Rxc3 30. Qxh7 Rc1+ 31. Rxc1 Rxc1+ 32. Kh2 Ra1 33. h4 Rxa5
34. g4 Ra4 35. Qg7 Ra2 36. Kg2 Ke7 37. Qe5 Rc2 38. h5 gxh5 39. gxh5 Nf5 40. h6
Nxh6 41. Qg5+ Kd7 42. Qxh6 Rc7 43. Qf4 b6 44. Qxf7+ Kd6 45. Qf8+ Kc6 46. Qe8+
Rd7 47. Qc8+ Kd6 48. Kf3 Rf7+ 49. Ke3 Rc7 50. Qb8 Kd7 51. Kf4 Kc6 52. Ke5 Kd7
53. Qf8 Rc6 54. Qf7+ Kc8 55. Qxa7 Kd8 56. Qa8+ Kc7 57. Qa7+ Kc8 58. f4 b5 59.
Qa8+ Kc7 60. Qa5+ Rb6 61. Qb4 Kb7 62. Kf6 Ka6 63. Ke7 Rc6 64. Kd7 Kb6 65. Qf8
Rc7+ 66. Kxe6 1-0

[Event "Titled Tue 20th May Early"]
[Site "chess.com INT"]
[Date "2025.05.20"]
[Round "11"]
[White "Przybylski, Bartosz"]
[Black "Sharankov, Grigory"]
[Result "1/2-1/2"]
[WhiteTitle "CM"]
[BlackTitle "CM"]
[WhiteElo "2107"]
[BlackElo "2238"]
[WhiteFideId "21878323"]
[BlackFideId "4168356"]
[EventDate "2025.05.20"]

1. e4 c6 2. d4 d5 3. f3 g6 4. Nc3 Bg7 5. e5 Nh6 6. f4 O-O 7. Nf3 Bg4 8. Be3 Nf5
9. Bf2 Qb6 10. a3 e6 11. Be2 Bxf3 12. Bxf3 Qxb2 13. Ne2 Qb6 14. O-O Nd7 15. Rb1
Qc7 16. g4 Ne7 17. h4 f6 18. Kg2 fxe5 19. dxe5 Rf7 20. Bg3 Raf8 21. Nd4 Nc5 22.
Qe1 Rxf4 23. Bxf4 Rxf4 24. c3 Qxe5 25. Qxe5 Bxe5 26. Rfe1 Bxd4 27. cxd4 Rxd4 28.
Rec1 b6 29. Kg3 Kg7 30. Rb4 Rd3 31. Kf2 Rxa3 32. Rxc5 bxc5 33. Rb7 Kf7 34. g5 c4
35. Ke2 e5 36. Bg4 d4 37. Bd7 e4 38. Bxc6 Ra2+ 39. Kd1 e3 40. Bd5+ Ke8 41. Bxc4
Rf2 42. Rxa7 Nf5 43. Rxh7 Rd2+ 44. Ke1 Ng3 45. Rc7 Kd8 46. Rc5 Ke7 47. Rd5 Ke6
48. Rxd4+ Kf5 49. Bd3+ Ke5 50. Rd8 Kf4 51. Rf8+ Kg4 52. Bxg6 Kxh4 53. Be8 Re2+
54. Kd1 Rf2 55. Rh8+ Kxg5 56. Rg8+ Kf4 57. Bc6 Rd2+ 58. Ke1 Nf5 59. Bd7 Ke5 60.
Bxf5 Kxf5 61. Re8 Kf4 62. Rf8+ Ke4 63. Re8+ Kf3 64. Rf8+ Ke4 65. Re8+ Kf3 66.
Rf8+ Kg3 67. Re8 Kf4 68. Rf8+ Ke4 1/2-1/2

[Event "Titled Tue 20th May Early"]
[Site "chess.com INT"]
[Date "2025.05.20"]
[Round "11"]
[White "Shandrygin, Nikita"]
[Black "Goltsev, Dmitry"]
[Result "0-1"]
[WhiteTitle "FM"]
[BlackTitle "FM"]
[WhiteElo "2209"]
[BlackElo "2183"]
[WhiteFideId "24198668"]
[BlackFideId "24176710"]
[EventDate "2025.05.20"]

1. Nf3 d5 2. g3 c6 3. Bg2 g6 4. d4 Bg7 5. O-O Nf6 6. b3 O-O 7. Bb2 Ne4 8. Nbd2
Nd7 9. Ne1 f5 10. Nd3 b6 11. f3 Nd6 12. e4 fxe4 13. fxe4 dxe4 14. Nxe4 Nf5 15.
Ng5 Nxd4 16. c3 e5 17. cxd4 Rxf1+ 18. Qxf1 Qxg5 19. Bxc6 Rb8 20. Re1 exd4 21.
Re8+ Nf8 22. Ba3 Bh3 23. Qe2 Rxe8 24. Qxe8 Qe3+ 25. Qxe3 dxe3 26. Nf4 Bd4 27.
Ne2 Be5 28. Bc1 Ne6 29. Bxe3 Nc5 30. Bd5+ Kf8 31. Bxc5+ bxc5 32. Kf2 Bf5 33. Ke3
Bb1 34. a4 Ke7 35. Be4 Ba2 36. Bd5 Kd6 37. Bc4 Bb1 38. Nf4 Bd4+ 39. Kf3 Bc2 40.
Ne2 a5 41. h4 h5 42. Nf4 Bf5 43. Bd3 Bg4+ 44. Kg2 Bd1 45. Bc4 Bc2 46. Kf3 Ke5
47. Nd3+ Kf5 48. Nf4 Kf6 49. Nd5+ Ke5 50. Nf4 Be4+ 51. Ke2 Bc3 52. Bd3 Bb4 53.
Bxe4 Kxe4 54. Nxg6 Kd4 55. Nf4 Kc3 56. Nxh5 Kxb3 57. Nf4 c4 58. g4 c3 59. Nd3 c2
60. g5 Be7 61. g6 Bf6 62. h5 Bg7 63. Kd2 Bh6+ 64. Ke2 Kxa4 65. g7 Bxg7 66. Kd2
Kb3 67. Ke2 a4 0-1